[Event "DEN-ch G7 Gr-1"]
[Site "Svendborg"]
[Date "2022.04.18"]
[Round "7"]
[White "Zander, Emil"]
[Black "Andersen, Rune Egede"]
[Result "0-1"]
[WhiteElo "1968"]
[BlackElo "1981"]
[PlyCount "90"]
[EventDate "2022.04.12"]
[EventType "swiss"]
[EventRounds "7"]
[EventCountry "DEN"]
[SourceTitle "EXT 2024"]
[Source "ChessBase"]
[SourceDate "2023.10.10"]
[SourceVersion "1"]
[SourceVersionDate "2023.10.10"]
[SourceQuality "1"]

1. e4 e6 2. d4 d5 3. Nd2 Be7 4. Ngf3 Nf6 5. e5 Nfd7 6. Bd3 c5 7. c3 Nc6 8. 0-0 g5 9. dxc5 Nxc5 10. Bb5 Bd7 11. b4 g4 12. Nd4 Nxd4 13. Bxd7+ Nxd7 14. cxd4 h5 15. b5 Qb6 16. Qa4 Rc8 17. Rb1 Bg5 18. f4 Be7 19. Bb2 0-0 20. Ba1 f6 21. Kh1 f5 22. Rfc1 Kf7 23. Qb3 Qa5 24. Bc3 Qa3 25. Bb2 Qxb3 26. axb3 Bb4 27. Nf1 a5 28. bxa6 bxa6 29. Kg1 h4 30. Kf2 Rh8 31. Ke3 Ke7 32. Kd3 h3 33. g3 Nb8 34. Ra1 Kd7 35. Bc3 Rxc3+ 36. Rxc3 Bxc3 37. Kxc3 Rc8+ 38. Kb2 Nc6 39. Kc3 Nxe5+ 40. Kb4 Nc6+ 41. Kc3 a5 42. Ne3 Ne5+ 43. Kb2 Nf3 44. Nf1 Nxd4 45. Rxa5 Rc2+ 0-1

[Event "DEN-ch G7 Gr-1"]
[Site "Svendborg"]
[Date "2022.04.17"]
[Round "6"]
[White "Gregor, Bjarke"]
[Black "Andersen, Rune Egede"]
[Result "0-1"]
[WhiteElo "2077"]
[BlackElo "1981"]
[PlyCount "34"]
[EventDate "2022.04.12"]
[EventType "swiss"]
[EventRounds "7"]
[EventCountry "DEN"]
[SourceTitle "EXT 2024"]
[Source "ChessBase"]
[SourceDate "2023.10.10"]
[SourceVersion "1"]
[SourceVersionDate "2023.10.10"]
[SourceQuality "1"]

1. e4 d5 2. exd5 Qxd5 3. Nc3 Qa5 4. d4 Nf6 5. Bd2 c6 6. Bc4 Bf5 7. Qe2 e6 8. d5 cxd5 9. Nxd5 Qd8 10. 0-0-0 Nxd5 11. Bxd5 Qxd5 12. Bg5 Bd3 13. Qh5 Be7 14. Nf3 Bg6 15. Qh4 Bxg5+ 16. Nxg5 Qa5 17. Rhe1 0-0 0-1

[Event "DEN-ch G7 Gr-1"]
[Site "Svendborg"]
[Date "2022.04.14"]
[Round "3"]
[White "Andersen, Rune Egede"]
[Black "Poulsen, Peter Risgaard"]
[Result "1-0"]
[WhiteElo "1981"]
[BlackElo "1870"]
[PlyCount "71"]
[EventDate "2022.04.12"]
[EventType "swiss"]
[EventRounds "7"]
[EventCountry "DEN"]
[SourceTitle "EXT 2024"]
[Source "ChessBase"]
[SourceDate "2023.10.10"]
[SourceVersion "1"]
[SourceVersionDate "2023.10.10"]
[SourceQuality "1"]

1. e4 d6 2. d4 Nf6 3. Nc3 Nbd7 4. Nf3 e5 5. Bc4 Be7 6. 0-0 h6 7. Re1 c6 8. a4 a5 9. h3 Qc7 10. Bf1 g5 11. d5 Nf8 12. Bc4 Ng6 13. Nh2 Nf4 14. Ra3 Rg8 15. Ng4 Bxg4 16. hxg4 Qd7 17. dxc6 bxc6 18. Nd5 N4xd5 19. exd5 Qxg4 20. Be2 Qc8 21. dxc6 d5 22. Rh3 g4 23. Rxh6 g3 24. fxg3 Bc5+ 25. Kh2 Ke7 26. Rf1 Ng4+ 27. Bxg4 Qxg4 28. Rxf7+ Ke8 29. Qxg4 Rxg4 30. Rf5 Ra7 31. Rh8+ Ke7 32. Bg5+ Kd6 33. Rf6+ Kc7 34. Rh7+ Kb6 35. c7+ Kb7 36. Rg6 1-0

[Event "DEN-ch G7 Gr-1"]
[Site "Svendborg"]
[Date "2022.04.13"]
[Round "2"]
[White "Jensen, Tobias Ilsoe"]
[Black "Andersen, Rune Egede"]
[Result "1-0"]
[WhiteElo "2154"]
[BlackElo "1981"]
[PlyCount "47"]
[EventDate "2022.04.12"]
[EventType "swiss"]
[EventRounds "7"]
[EventCountry "DEN"]
[SourceTitle "EXT 2024"]
[Source "ChessBase"]
[SourceDate "2023.10.10"]
[SourceVersion "1"]
[SourceVersionDate "2023.10.10"]
[SourceQuality "1"]

1. d4 d5 2. Bf4 Nf6 3. e3 c5 4. c3 Nc6 5. Nd2 e6 6. Ngf3 Be7 7. h3 0-0 8. Bd3 c4 9. Bc2 b5 10. a3 a5 11. 0-0 Bb7 12. Qe2 b4 13. e4 bxc3 14. bxc3 dxe4 15. Nxe4 Qd5 16. Rfb1 Nd8 17. Nfg5 h6 18. Nxf6+ Bxf6 19. Be4 Qd7 20. Nh7 Re8 21. Nxf6+ gxf6 22. Bxh6 Kh8 23. Bxb7 Nxb7 24. Qf3 1-0

[Event "Koge Lang Sommer Weekend"]
[Site "Koge"]
[Date "2020.07.22"]
[Round "1"]
[White "Andersen, Rune Egede"]
[Black "Meskenas, Vaidas"]
[Result "1-0"]
[WhiteElo "2003"]
[BlackElo "1297"]
[PlyCount "59"]
[EventDate "2020.07.22"]
[EventType "swiss"]
[EventRounds "7"]
[EventCountry "DEN"]
[SourceTitle "EXT 2021"]
[Source "ChessBase"]
[SourceDate "2020.10.23"]
[SourceVersion "1"]
[SourceVersionDate "2020.10.23"]
[SourceQuality "1"]

1. Nf3 Nc6 2. d4 d5 3. g3 Bg4 4. Bg2 Nf6 5. 0-0 e6 6. c4 Bb4 7. c5 0-0 8. a3 Ba5 9. b4 Bxb4 10. axb4 Nxb4 11. Ne5 Nc6 12. Bg5 h6 13. Bxf6 Qxf6 14. Nxg4 Qxd4 15. Qxd4 Nxd4 16. Ra2 c6 17. Nc3 Nb3 18. Na4 b5 19. cxb6 axb6 20. Rb1 Nc5 21. Nc3 Rxa2 22. Nxa2 Rb8 23. Nb4 Rc8 24. Ne5 Kf8 25. Nexc6 Na6 26. Nxa6 Rxc6 27. e4 b5 28. Nb4 Rc5 29. exd5 exd5 30. Nxd5 1-0

[Event "Politiken Cup 37th"]
[Site "Helsingor"]
[Date "2015.07.31"]
[Round "8"]
[White "Andersen, Rune Egede"]
[Black "Engel, Luis"]
[Result "0-1"]
[WhiteElo "2028"]
[BlackElo "2200"]
[PlyCount "78"]
[EventDate "2015.07.25"]
[EventType "swiss"]
[EventRounds "10"]
[EventCountry "DEN"]
[SourceTitle "CBM 167 Extra"]
[Source "ChessBase"]
[SourceDate "2015.09.14"]
[SourceVersion "1"]
[SourceVersionDate "2015.09.14"]
[SourceQuality "1"]

1. e4 c5 2. c3 Nf6 3. e5 Nd5 4. Nf3 Nc6 5. d4 cxd4 6. Bc4 Nb6 7. Bb3 d5 8. exd6 Qxd6 9. Na3 dxc3 10. Qe2 Bf5 11. Nb5 Qd7 12. a4 e6 13. bxc3 Be7 14. Nfd4 Nxd4 15. Nxd4 Bf6 16. Ba3 Bxd4 17. cxd4 Nd5 18. Rc1 Nf4 19. Qc4 Nd3+ 20. Kd2 Nxc1 21. Rxc1 Be4 22. Qc5 Rd8 23. Ke1 f6 24. f3 Bd5 25. Bxd5 exd5 26. Kf2 Kf7 27. Qa5 b6 28. Qd2 Rc8 29. Rb1 Qxa4 30. Qe3 Qc2+ 31. Kg3 Qxb1 32. Qe7+ Kg6 33. h4 h5 34. Bd6 Rhe8 35. Qxa7 Qe1+ 36. Kh3 Qe6+ 37. Kg3 Qxd6+ 38. Kh3 Rc1 39. g3 Re2 0-1

[Event "Politiken Cup 37th"]
[Site "Helsingor"]
[Date "2015.07.27"]
[Round "4"]
[White "Hartung Nielsen, Jens"]
[Black "Andersen, Rune Egede"]
[Result "0-1"]
[WhiteElo "2212"]
[BlackElo "2028"]
[PlyCount "74"]
[EventDate "2015.07.25"]
[EventType "swiss"]
[EventRounds "10"]
[EventCountry "DEN"]
[SourceTitle "CBM 167 Extra"]
[Source "ChessBase"]
[SourceDate "2015.09.14"]
[SourceVersion "1"]
[SourceVersionDate "2015.09.14"]
[SourceQuality "1"]

1. d4 d5 2. c4 dxc4 3. e3 e5 4. Bxc4 exd4 5. exd4 Nf6 6. Nf3 Bd6 7. 0-0 0-0 8. Nc3 Nc6 9. h3 h6 10. Be3 Bf5 11. Rc1 a6 12. a3 Re8 13. Re1 Qd7 14. Bf1 Rad8 15. g4 Nxg4 16. hxg4 Bxg4 17. Bg2 Qf5 18. Kf1 Qh5 19. Ke2 Bh2 20. Kf1 Rd6 21. Nb1 f5 22. Qb3+ Kh8 23. Nxh2 Qxh2 24. Bd2 Be2+ 25. Rxe2 Rxe2 26. Qf7 Rf6 27. Qd7 Re7 28. Qc8+ Kh7 29. Qxb7 Rg6 30. Qxc6 Rxc6 31. Rxc6 f4 32. Nc3 f3 33. Bxf3 Qh3+ 34. Bg2 Qd3+ 35. Kg1 Qxd2 36. Nd5 Re1+ 37. Kh2 Qxf2 0-1

[Event "DEN-ch cand"]
[Site "Svendborg"]
[Date "2015.04.02"]
[Round "3"]
[White "Andersen, Rune Egede"]
[Black "Nielsen, Viktor Haarmark"]
[Result "0-1"]
[WhiteElo "2169"]
[BlackElo "2093"]
[PlyCount "120"]
[EventDate "2015.03.31"]
[EventType "swiss"]
[EventRounds "7"]
[EventCountry "DEN"]
[SourceTitle "EXT 2018"]
[Source "ChessBase"]
[SourceDate "2017.10.13"]
[SourceVersion "1"]
[SourceVersionDate "2017.10.13"]
[SourceQuality "1"]

1. c4 Nf6 2. g3 e6 3. Bg2 d5 4. Nf3 Be7 5. 0-0 0-0 6. d4 dxc4 7. Qc2 a6 8. Qxc4 b5 9. Qc2 Bb7 10. Nbd2 Nbd7 11. a3 c5 12. dxc5 Nxc5 13. b4 Na4 14. Nb3 Rc8 15. Qd2 Qxd2 16. Bxd2 Bd5 17. Nbd4 Ne4 18. Be3 Bf6 19. Rac1 Rc3 20. Rxc3 Nexc3 21. Re1 Rd8 22. g4 g6 23. g5 Bg7 24. h4 e5 25. Nc2 Bb3 26. Na1 Bd1 27. Bf1 Bxe2 28. Bxe2 Nxe2+ 29. Rxe2 e4 30. Nd2 Bxa1 31. Nxe4 Nc3 32. Nf6+ Kg7 33. Rc2 Nd1 34. Bb6 Rd3 35. Ne8+ Kf8 36. Rc8 Ke7 37. Nf6 Bxf6 38. gxf6+ Kxf6 39. Bc5 Rxa3 40. Rd8 Nc3 41. Kg2 Ne4 42. Be3 Ke7 43. Ra8 Nd6 44. Bc5 Ke6 45. Ra7 Nf5 46. h5 gxh5 47. Bb6 Rc3 48. Bc5 Ra3 49. Bb6 Nd6 50. Bd8 Ra4 51. Re7+ Kd5 52. Rd7 Rxb4 53. Be7 Rg4+ 54. Kh3 Rg6 55. Bxd6 Rxd6 56. Rxf7 b4 57. Rxh7 Rb6 58. Rxh5+ Ke4 59. Rg5 b3 60. Rg1 b2 0-1

[Event "DEN-ch cand"]
[Site "Svendborg"]
[Date "2015.03.31"]
[Round "1"]
[White "Andersen, Rune Egede"]
[Black "Jaksland, Tim"]
[Result "0-1"]
[WhiteElo "2169"]
[BlackElo "2287"]
[PlyCount "54"]
[EventDate "2015.03.31"]
[EventType "swiss"]
[EventRounds "7"]
[EventCountry "DEN"]
[SourceTitle "EXT 2018"]
[Source "ChessBase"]
[SourceDate "2017.10.13"]
[SourceVersion "1"]
[SourceVersionDate "2017.10.13"]
[SourceQuality "1"]

1. e4 c5 2. c3 d5 3. exd5 Nf6 4. Qa4+ Nbd7 5. c4 b5 6. Qxb5 Rb8 7. Qa4 e6 8. Nc3 Bb7 9. Nf3 exd5 10. cxd5 Bd6 11. Bb5 0-0 12. 0-0 Nb6 13. Qxa7 Nbxd5 14. Nxd5 Bxd5 15. Qa4 Nh5 16. d3 Bxf3 17. gxf3 Qf6 18. Qg4 Rxb5 19. Qxh5 Rb4 20. Qg5 Qxf3 21. h3 Qxh3 22. f4 Qxd3 23. a3 Re4 24. a4 Re6 25. f5 Qd4+ 26. Kg2 Re2+ 27. Kh1 Rh2# 0-1

[Event "Bronshoj-ch A"]
[Site "Bronshoj"]
[Date "2015.??.??"]
[Round "1"]
[White "Andersen, Rune Egede"]
[Black "Henrichsen, Jens"]
[Result "0-1"]
[WhiteElo "2166"]
[BlackElo "2025"]
[PlyCount "68"]
[EventDate "2015.03.05"]
[EventType "tourn"]
[EventRounds "9"]
[EventCountry "DEN"]
[SourceTitle "EXT 2024"]
[Source "ChessBase"]
[SourceDate "2023.10.10"]
[SourceVersion "1"]
[SourceVersionDate "2023.10.10"]
[SourceQuality "1"]

1. e4 c5 2. c3 d5 3. exd5 Qxd5 4. d4 Nf6 5. Nf3 e6 6. Na3 Nc6 7. Nb5 Qd8 8. Bf4 Nd5 9. Bg3 a6 10. c4 axb5 11. cxd5 Qxd5 12. Bxb5 Rxa2 13. 0-0 Be7 14. Rxa2 Qxa2 15. dxc5 0-0 16. Qc2 Bd7 17. Rd1 Nb4 18. Qe2 Bxb5 19. Qxb5 Qxb2 20. h3 Qc2 21. Rd7 Bxc5 22. Qxb7 Nd3 23. Rc7 Bxf2+ 24. Kh1 Qd1+ 25. Kh2 Bxg3+ 26. Kxg3 Qe2 27. Qb5 Qf2+ 28. Kh2 Nf4 29. Qg5 Nd5 30. Rd7 h6 31. Qe5 Ne3 32. Nh4 Nf1+ 33. Kh1 Qxh4 34. Rd4 Qg3 0-1

[Event "Bronshoj-ch A"]
[Site "Bronshoj"]
[Date "2015.??.??"]
[Round "3"]
[White "Andersen, Rune Egede"]
[Black "Olsen, Michael Richard W"]
[Result "1-0"]
[WhiteElo "2166"]
[BlackElo "2003"]
[PlyCount "125"]
[EventDate "2015.03.05"]
[EventType "tourn"]
[EventRounds "9"]
[EventCountry "DEN"]
[SourceTitle "EXT 2024"]
[Source "ChessBase"]
[SourceDate "2023.10.10"]
[SourceVersion "1"]
[SourceVersionDate "2023.10.10"]
[SourceQuality "1"]

1. e4 d6 2. Nc3 e6 3. d4 Nf6 4. Nf3 Be7 5. Bd3 Nc6 6. a3 e5 7. d5 Nb8 8. Ne2 Nbd7 9. c4 Nc5 10. Ng3 h5 11. h4 Bg4 12. Bc2 g6 13. b4 Ncd7 14. Qd3 Nh7 15. Ng5 Nxg5 16. hxg5 Nf8 17. f3 Bd7 18. Qe3 h4 19. Ne2 Rh5 20. f4 exf4 21. Nxf4 Bxg5 22. Qf2 Rh7 23. 0-0 Qf6 24. e5 dxe5 25. Qe2 Bf5 26. Bb2 0-0-0 27. Bxe5 Qe7 28. Bxf5+ gxf5 29. Rae1 Ng6 30. Nxg6 fxg6 31. Qf2 Bf6 32. Bxf6 Qxf6 33. Qxa7 Qb6+ 34. Qxb6 cxb6 35. Re6 Rc7 36. Rxg6 Rxc4 37. Rxf5 Rd4 38. Rxb6 R4xd5 39. Rf7 R8d7 40. Rxd7 Rxd7 41. a4 Kc7 42. a5 Rd4 43. Kh2 Rc4 44. Kh3 Rd4 45. Rh6 Rxb4 46. Rxh4 Rb3+ 47. Kg4 Ra3 48. Rh5 Ra4+ 49. Kh3 Ra3+ 50. Kh4 Kd7 51. g4 Ke6 52. Rf5 Ra1 53. Kg5 Ra4 54. Rb5 Ra1 55. Kg6 Ra4 56. g5 Ra1 57. Kg7 Ra2 58. g6 Ra1 59. Kf8 Rf1+ 60. Kg8 Ra1 61. g7 Ra2 62. Rb6+ Ke5 63. Rh6 1-0

[Event "Bronshoj Autumn op"]
[Site "Copenhagen"]
[Date "2014.10.??"]
[Round "1"]
[White "Aage, Bjarke"]
[Black "Andersen, Rune Egede"]
[Result "0-1"]
[WhiteElo "2054"]
[BlackElo "2107"]
[PlyCount "84"]
[EventDate "2014.10.23"]
[EventType "swiss"]
[EventRounds "5"]
[EventCountry "DEN"]
[SourceTitle "EXT 2023"]
[Source "ChessBase"]
[SourceDate "2022.10.05"]
[SourceVersion "1"]
[SourceVersionDate "2022.10.05"]
[SourceQuality "1"]

1. d4 d5 2. Nf3 Nf6 3. c4 dxc4 4. e3 e6 5. Bxc4 c5 6. Nc3 a6 7. a3 b5 8. Ba2 Bb7 9. dxc5 Qxd1+ 10. Kxd1 Bxc5 11. b4 Be7 12. Bb2 0-0 13. Ke2 Nbd7 14. Rhg1 Rfc8 15. Nd4 Bd6 16. f4 Bf8 17. g4 e5 18. Nf3 exf4 19. exf4 Bd6 20. g5 Nh5 21. Rad1 Nxf4+ 22. Kf1 Bxf3 23. Rxd6 Ne5 24. Bd5 Bxd5 25. Nxd5 Nxd5 26. Rxd5 Nc4 27. Bc1 Rd8 28. Rxd8+ Rxd8 29. Ke2 Kf8 30. Rg4 Re8+ 31. Kf2 Ne5 32. Rd4 Rc8 33. Bf4 Rc2+ 34. Ke3 Nc4+ 35. Kd3 Ra2 36. Rd7 Rxa3+ 37. Kd4 Ra1 38. Kc5 g6 39. Ra7 Rf1 40. Bd6+ Nxd6 41. Kxd6 Rf4 42. Rxa6 Rxb4 0-1

[Event "Bronshoj Autumn op"]
[Site "Copenhagen"]
[Date "2014.10.??"]
[Round "4"]
[White "Andersen, Rune Egede"]
[Black "Pedersen, Nicolai Kvist Brond"]
[Result "1-0"]
[WhiteElo "2107"]
[BlackElo "2217"]
[PlyCount "97"]
[EventDate "2014.10.23"]
[EventType "swiss"]
[EventRounds "5"]
[EventCountry "DEN"]
[SourceTitle "EXT 2023"]
[Source "ChessBase"]
[SourceDate "2022.10.05"]
[SourceVersion "1"]
[SourceVersionDate "2022.10.05"]
[SourceQuality "1"]

1. c4 c6 2. g3 d5 3. Bg2 Nf6 4. Nf3 Bf5 5. 0-0 e6 6. cxd5 exd5 7. d3 Be7 8. Nc3 0-0 9. Qb3 Qb6 10. Qc2 Bg6 11. Be3 Qa6 12. Ne5 Nbd7 13. Nxg6 hxg6 14. Bg5 d4 15. Nb1 Rfe8 16. Nd2 Rad8 17. Rfe1 Nf8 18. Nf3 Ne6 19. Bd2 Qb5 20. a4 Qc5 21. Qb3 Qb6 22. Qc4 a5 23. Bh3 Nc5 24. Nxd4 Nxd3 25. Qxd3 Qxd4 26. Qxd4 Rxd4 27. Bxa5 Ra8 28. e3 Rc4 29. b3 Rc2 30. Bb6 Nd5 31. Bd4 Nc3 32. Bf1 Bb4 33. Rac1 Rxc1 34. Rxc1 Nd5 35. Bc4 Rd8 36. Kg2 c5 37. Ba1 Nf6 38. Kf3 Rd2 39. Bc3 Bxc3 40. Rxc3 Rxf2+ 41. Kxf2 Ne4+ 42. Ke2 Nxc3+ 43. Kd3 Nd1 44. Bd5 b6 45. Bf3 Nf2+ 46. Kc4 f5 47. Kb5 g5 48. Kxb6 g4 49. Bd5+ 1-0

[Event "Copenhagen Bronshoj Sensommer"]
[Site "Copenhagen"]
[Date "2014.08.28"]
[Round "1"]
[White "Christensen, Esben"]
[Black "Andersen, Rune Egede"]
[Result "0-1"]
[WhiteElo "2055"]
[BlackElo "2132"]
[PlyCount "66"]
[EventDate "2014.08.28"]
[EventType "tourn"]
[EventRounds "7"]
[EventCountry "DEN"]
[SourceTitle "EXT 2016"]
[Source "ChessBase"]
[SourceDate "2015.10.08"]
[SourceVersion "1"]
[SourceVersionDate "2015.10.08"]
[SourceQuality "1"]

1. e4 Nf6 2. e5 Nd5 3. Nf3 d6 4. c4 Nb6 5. exd6 cxd6 6. d4 Bg4 7. h3 Bh5 8. b3 Nc6 9. Be2 e5 10. 0-0 Bxf3 11. Bxf3 Nxd4 12. Bxb7 Rb8 13. Be4 f5 14. Bd3 Qf6 15. Bb2 Nc6 16. f4 g6 17. Re1 Nd7 18. Nc3 Qh4 19. Nd5 Rb7 20. Qf3 Kf7 21. Nb4 Nxb4 22. Qxb7 Nxd3 23. Qd5+ Kg7 24. Qxd3 Qxf4 25. Rad1 Nf6 26. c5 Ne4 27. cxd6 Qf2+ 28. Kh1 Qxe1+ 29. Kh2 Nf2 30. Qd5 Qxd1 31. Bxe5+ Kh6 32. Bf4+ Kh5 33. Qc5 Qh1+ 0-1

[Event "Politiken Cup 36th"]
[Site "Helsingor"]
[Date "2014.07.27"]
[Round "8"]
[White "Olsen, Filip Boe"]
[Black "Andersen, Rune Egede"]
[Result "0-1"]
[WhiteElo "1937"]
[BlackElo "2132"]
[PlyCount "106"]
[EventDate "2014.07.21"]
[EventType "swiss"]
[EventRounds "10"]
[EventCountry "DEN"]
[SourceTitle "CBM 161 Extra"]
[Source "ChessBase"]
[SourceDate "2014.08.29"]
[SourceVersion "1"]
[SourceVersionDate "2014.08.29"]
[SourceQuality "1"]

1. d4 d5 2. c4 dxc4 3. Nf3 Nf6 4. e3 e6 5. Bxc4 a6 6. 0-0 c5 7. dxc5 Bxc5 8. Qxd8+ Kxd8 9. Ne5 Ke7 10. Be2 Nbd7 11. Nc4 Rd8 12. a3 Nb6 13. Nxb6 Bxb6 14. Bf3 g5 15. g3 g4 16. Bg2 h5 17. e4 Nd7 18. Bd2 f6 19. Bb4+ Kf7 20. Nd2 Ne5 21. Bc3 Bd7 22. Bxe5 fxe5 23. Nc4 Bd4 24. Rab1 Bb5 25. Rfc1 Kg6 26. b3 Rf8 27. Rc2 Rac8 28. Bf1 Bc6 29. Bg2 Bd7 30. Rbc1 Rc5 31. Nxe5+ Rxe5 32. Rd1 Rc5 33. Rxc5 Bxc5 34. Rxd7 Rxf2 35. Kh1 Rb2 36. h4 Rb1+ 37. Kh2 Bg1+ 38. Kh1 Bf2+ 39. Kh2 Bg1+ 40. Kh1 Bf2+ 41. Kh2 Rxb3 42. Rd1 Bxg3+ 43. Kh1 Rxa3 44. Rb1 b5 45. Bf1 Bxh4 46. Rb4 Be7 47. Rb1 Kg5 48. Bg2 Bc5 49. Kh2 Ra2 50. Kh1 h4 51. e5 Bd4 52. Re1 h3 53. Bf1 g3 0-1

[Event "Politiken Cup 36th"]
[Site "Helsingor"]
[Date "2014.07.26"]
[Round "7"]
[White "Andersen, Rune Egede"]
[Black "Jensen, Soren Holm"]
[Result "1/2-1/2"]
[WhiteElo "2132"]
[BlackElo "1975"]
[PlyCount "120"]
[EventDate "2014.07.21"]
[EventType "swiss"]
[EventRounds "10"]
[EventCountry "DEN"]
[SourceTitle "CBM 161 Extra"]
[Source "ChessBase"]
[SourceDate "2014.08.29"]
[SourceVersion "1"]
[SourceVersionDate "2014.08.29"]
[SourceQuality "1"]

1. c4 Nf6 2. Nc3 e5 3. Nf3 Nc6 4. g3 Bb4 5. Nd5 Bc5 6. d3 h6 7. Bg2 0-0 8. 0-0 d6 9. a3 a5 10. Bd2 Re8 11. e3 e4 12. Nxf6+ Qxf6 13. Bc3 Qg6 14. Nh4 Qg4 15. Qxg4 Bxg4 16. Bxe4 Rxe4 17. dxe4 Be2 18. Rfe1 Bxc4 19. Nf5 f6 20. Rac1 Re8 21. f3 a4 22. Kf2 Bb3 23. Re2 Ne5 24. Bxe5 fxe5 25. g4 Kh7 26. g5 hxg5 27. Ng3 Rf8 28. Kg2 g6 29. Nh1 Kg7 30. Nf2 Be6 31. Kg3 Rh8 32. Ng4 Bb6 33. Rd2 Ba5 34. Rg2 Bb6 35. Kf2 Rh3 36. Rh1 Bc5 37. Rg3 Rh4 38. Ke2 Bc4+ 39. Ke1 Be6 40. Kd2 Bb6 41. Nf2 Ba5+ 42. Kd3 Kf6 43. Rg2 b5 44. Rhg1 Bc4+ 45. Kc2 Bb3+ 46. Kc1 Bb6 47. Ng4+ Kf7 48. Kd2 Ba5+ 49. Ke2 Bc4+ 50. Kf2 Bb6 51. Rg3 Be6 52. Kg2 Bc5 53. Rc1 Bb6 54. Rh3 Rh5 55. Kg3 Ke7 56. Rc2 Bb3 57. Rc3 Ba5 58. Rc1 Bc4 59. Nf2 Bd2 60. Rc2 Bxe3 1/2-1/2

[Event "Politiken Cup 36th"]
[Site "Helsingor"]
[Date "2014.07.22"]
[Round "2"]
[White "Tari, Aryan"]
[Black "Andersen, Rune Egede"]
[Result "1-0"]
[WhiteElo "2412"]
[BlackElo "2132"]
[PlyCount "77"]
[EventDate "2014.07.21"]
[EventType "swiss"]
[EventRounds "10"]
[EventCountry "DEN"]
[SourceTitle "CBM 161 Extra"]
[Source "ChessBase"]
[SourceDate "2014.08.29"]
[SourceVersion "1"]
[SourceVersionDate "2014.08.29"]
[SourceQuality "1"]

1. c4 e5 2. Nc3 Nf6 3. Nf3 Nc6 4. g3 d5 5. cxd5 Nxd5 6. Bg2 Be6 7. 0-0 Be7 8. d4 exd4 9. Nxd4 Nxd4 10. Qxd4 Nxc3 11. Qxc3 0-0 12. e4 a5 13. Be3 Bb4 14. Qc2 a4 15. e5 c6 16. f4 Ra5 17. a3 Bb3 18. Qf2 Be7 19. Rac1 Rb5 20. Rfe1 Qd7 21. Re2 Rd8 22. Bb6 Re8 23. Rd2 Qe6 24. Re1 c5 25. Bc7 c4 26. f5 Qh6 27. Kh1 c3 28. bxc3 Bxa3 29. Bd6 Rd8 30. Rde2 Bc1 31. e6 a3 32. Bc7 Ra8 33. e7 Re8 34. Qd4 f6 35. c4 Re5 36. Bxe5 fxe5 37. Qd5+ Kh8 38. Qf7 Ba4 39. Qf8+ 1-0

[Event "Copenhagen Whitsun op"]
[Site "Copenhagen"]
[Date "2014.06.07"]
[Round "4"]
[White "Andersen, Rune Egede"]
[Black "Woll, Wilfried"]
[Result "1-0"]
[WhiteElo "2123"]
[BlackElo "2110"]
[PlyCount "57"]
[EventDate "2014.06.03"]
[EventType "swiss"]
[EventRounds "9"]
[EventCountry "DEN"]
[SourceTitle "EXT 2015"]
[Source "ChessBase"]
[SourceDate "2014.11.20"]
[SourceVersion "1"]
[SourceVersionDate "2014.11.20"]
[SourceQuality "1"]

1. e4 e6 2. d4 d5 3. e5 c5 4. c3 Qb6 5. Nf3 Bd7 6. Be2 Nc6 7. 0-0 Nge7 8. Na3 Nf5 9. dxc5 Bxc5 10. b4 Be7 11. g4 Nh4 12. Nxh4 Bxh4 13. Be3 Qd8 14. f4 0-0 15. Bd3 g5 16. Bc2 f6 17. Qd3 Rf7 18. b5 Ne7 19. exf6 Ng6 20. fxg5 Qa5 21. c4 Ne5 22. Qd4 dxc4 23. Qxe5 Qxa3 24. Rf3 Bxb5 25. Qxb5 Rd8 26. Raf1 Qc3 27. Bxh7+ Kxh7 28. g6+ Kxg6 29. Qh5# 1-0

[Event "Copenhagen Whitsun op"]
[Site "Copenhagen"]
[Date "2014.06.06"]
[Round "3"]
[White "Jacobsen, Mikkel Manosri"]
[Black "Andersen, Rune Egede"]
[Result "0-1"]
[WhiteElo "2059"]
[BlackElo "2123"]
[PlyCount "56"]
[EventDate "2014.06.03"]
[EventType "swiss"]
[EventRounds "9"]
[EventCountry "DEN"]
[SourceTitle "EXT 2015"]
[Source "ChessBase"]
[SourceDate "2014.11.20"]
[SourceVersion "1"]
[SourceVersionDate "2014.11.20"]
[SourceQuality "1"]

1. d4 d5 2. Bf4 Nf6 3. e3 c5 4. c3 Nc6 5. Bd3 Qb6 6. Qc1 Bg4 7. Nd2 cxd4 8. exd4 Rc8 9. Qb1 Nh5 10. Be3 Qc7 11. h3 Be6 12. Ne2 g6 13. g4 Ng7 14. Nf4 Qd7 15. Nb3 b6 16. Ba6 Rc7 17. a4 h5 18. a5 hxg4 19. axb6 axb6 20. Bb5 g5 21. Nxe6 Nxe6 22. Qf5 Rxh3 23. Rxh3 gxh3 24. c4 h2 25. 0-0-0 dxc4 26. d5 cxb3 27. Bxb6 Ncd4+ 28. Bxc7 Qxb5 0-1

[Event "DEN-ch G7-A"]
[Site "Skorping"]
[Date "2014.04.21"]
[Round "7"]
[White "Kovshoj, Sune"]
[Black "Andersen, Rune Egede"]
[Result "1-0"]
[WhiteElo "2035"]
[BlackElo "2131"]
[PlyCount "75"]
[EventDate "2014.04.15"]
[EventType "swiss"]
[EventRounds "7"]
[EventCountry "DEN"]
[SourceTitle "EXT 2018"]
[Source "ChessBase"]
[SourceDate "2017.10.13"]
[SourceVersion "1"]
[SourceVersionDate "2017.10.13"]
[SourceQuality "1"]

1. e4 e6 2. d4 d5 3. Nc3 Nf6 4. Bg5 Be7 5. e5 Nfd7 6. Bxe7 Qxe7 7. f4 a6 8. Nf3 c5 9. Qd2 Nc6 10. dxc5 Qxc5 11. 0-0-0 b5 12. Kb1 Nb6 13. Bd3 b4 14. Ne2 a5 15. Ned4 Nxd4 16. Nxd4 0-0 17. Nb3 Qc7 18. g4 Ba6 19. Rhe1 a4 20. Nc1 Bxd3 21. Qxd3 Nc4 22. f5 Rfb8 23. Re2 b3 24. cxb3 axb3 25. Nxb3 Nxe5 26. Qg3 Qa7 27. Nc1 Nc4 28. fxe6 fxe6 29. g5 Qb6 30. Rd3 e5 31. Rxd5 Nxb2 32. Nb3 Nc4 33. Qd3 Qg1+ 34. Qd1 Qxg5 35. Rc5 Qg6+ 36. Ka1 Rxb3 37. Qd5+ Kf8 38. Rf2+ 1-0

[Event "Copenhagen BSF-A"]
[Site "Copenhagen"]
[Date "2014.03.30"]
[Round "5"]
[White "Andersen, Rune Egede"]
[Black "De Blecourt, Sandra"]
[Result "0-1"]
[WhiteElo "2102"]
[BlackElo "2096"]
[PlyCount "178"]
[EventDate "2014.03.28"]
[EventType "tourn"]
[EventRounds "5"]
[EventCountry "DEN"]
[SourceTitle "EXT 2016"]
[Source "ChessBase"]
[SourceDate "2015.10.08"]
[SourceVersion "1"]
[SourceVersionDate "2015.10.08"]
[SourceQuality "1"]

1. e4 d5 2. exd5 Qxd5 3. Nf3 Bg4 4. Be2 Nc6 5. Nc3 Qd7 6. h3 Bf5 7. d4 e6 8. Bb5 0-0-0 9. Ne5 Qxd4 10. Nxc6 Qxd1+ 11. Nxd1 bxc6 12. Ba6+ Kb8 13. Ne3 Be4 14. f3 Bg6 15. b4 Nf6 16. a3 Nd5 17. Nc4 Be7 18. Na5 Bf6 19. Nxc6+ Ka8 20. Nxd8 Rxd8 21. c4 Bxa1 22. cxd5 Rxd5 23. Ke2 Bc2 24. Be3 Bb2 25. Bc1 Be5 26. f4 Bf6 27. g4 Kb8 28. Be3 Bb2 29. Bc1 Bc3 30. Be3 Rd6 31. Bb5 Be4 32. Rg1 a6 33. Bc4 Kb7 34. Rg3 Bc2 35. Bc1 Bd1+ 36. Kf1 Bf6 37. g5 Bd4 38. Bd3 g6 39. Be4+ c6 40. Rd3 Bc2 41. Ke2 Bxd3+ 42. Bxd3 Bc3 43. Be4 Rd4 44. Bf3 Kc7 45. Be3 Rd8 46. Bc1 Kb6 47. h4 c5 48. Be3 Bd4 49. Bd2 cxb4 50. axb4 Bg7 51. Ke3 Bf8 52. Be2 Bd6 53. Be1 Rc8 54. h5 Rc1 55. Bf2 Kb7 56. hxg6 hxg6 57. b5 axb5 58. Bxb5 Rb1 59. Be8 Bc5+ 60. Ke4 Bxf2 61. Bxf7 Re1+ 62. Kf3 Bd4 63. Bxg6 Kc7 64. Bf7 Kd6 65. Be8 Ke7 66. Bb5 Kf7 67. Bc4 Kg7 68. Kg4 Re4 69. Kf3 Re3+ 70. Kg4 Bc5 71. Ba2 Bd6 72. Bb1 Re1 73. Bd3 Re3 74. Bb1 Bc7 75. f5 Rg3+ 76. Kh4 Rg1 77. f6+ Kf7 78. Be4 Bf4 79. g6+ Kxf6 80. Kh5 Rg5+ 81. Kh6 Rxg6+ 82. Kh7 Rg7+ 83. Kh8 Ra7 84. Kg8 Bh6 85. Bf3 Bg7 86. Kh7 Ra2 87. Bh5 Rb2 88. Be2 Rb8 89. Bb5 Rh8# 0-1